Geoff Brewer examines pay-when-paid clauses under the DOM/1 form (Record no. 69117)

MARC details
000 -LEADER
fixed length control field 01486cam a2200253 4500
001 - CONTROL NUMBER
control field ABS64856
008 - FIXED-LENGTH DATA ELEMENTS--GENERAL INFORMATION
fixed length control field 011214n2001 000 0 eng u
035 ## - SYSTEM CONTROL NUMBER
System control number (Sirsi) u116005
100 ## - MAIN ENTRY--PERSONAL NAME
Personal name Brewer, G
245 ## - TITLE STATEMENT
Title Geoff Brewer examines pay-when-paid clauses under the DOM/1 form
260 ## - PUBLICATION, DISTRIBUTION, ETC.
Date of publication, distribution, etc. 2001
490 ## - SERIES STATEMENT
Series statement Contract Journal
Volume/sequential designation 411(6354) 21 November 2001, 26(1)
520 ## - SUMMARY, ETC.
Summary, etc. Examines the operation of pay-when-paid clauses under the DOM/1 form of subcontract . Explains DOM/1 Amendment 10 which deals with pay-when-paid provisions and insolvency. Subcontractors objected to cl32 and it should have been removed, but it still remains in the standard form because of a printing error. Illustrates the role of cl32 in the case "Aqua Design and Play International Ltd and Fenlock Hansen v Kier Regional Ltd" (QBD, 22 October 2001). Kier was not allowed to rely on the pay-when-paid provisions of cl32 as these had not been properly incorporated into the subcontracts. View judgment at www.coutservice.gov.uk.
590 ## - LOCAL NOTE (RLIN)
Local note ABS
650 ## - SUBJECT ADDED ENTRY--TOPICAL TERM
Topical term or geographic name entry element DOM/1 CL32
650 ## - SUBJECT ADDED ENTRY--TOPICAL TERM
Topical term or geographic name entry element Insolvency
9 (RLIN) 6247
650 ## - SUBJECT ADDED ENTRY--TOPICAL TERM
Topical term or geographic name entry element PAY WHEN PAID
650 ## - SUBJECT ADDED ENTRY--TOPICAL TERM
Topical term or geographic name entry element HOUSING GRANTS, CONSTRUCTION AND REGENERATION ACT 1996
650 ## - SUBJECT ADDED ENTRY--TOPICAL TERM
Topical term or geographic name entry element SUBCONTRACTS
650 ## - SUBJECT ADDED ENTRY--TOPICAL TERM
Topical term or geographic name entry element AQUA DESIGN AND PLAY INTERNATIONAL LTD AND ANOTHER V KIER REGIONAL LTD
690 ## - LOCAL SUBJECT ADDED ENTRY--TOPICAL TERM (OCLC, RLIN)
Topical term or geographic name as entry element BUILT ENVIRONMENT-BUILDING CONTRACT FORMS
856 ## - ELECTRONIC LOCATION AND ACCESS
Uniform Resource Identifier <a href="https://www.courtservice.gov.uk/View.do?id=818">https://www.courtservice.gov.uk/View.do?id=818</a>
Hours access method available View judgment on the Court Service website...
942 ## - ADDED ENTRY ELEMENTS (KOHA)
Suppress in OPAC 0
Holdings
Withdrawn status Lost status Source of classification or shelving scheme Damaged status Not for loan Home library Current library Shelving location Date acquired Total Checkouts Full call number Barcode Date last seen Copy number Price effective from Koha item type
    Dewey Decimal Classification     London London Journal article 14/12/2001   ABS64856 116005-1001 06/08/2019 1 06/08/2019 Journal article